LEADER 00963nam a2200229 i 4500 001 000000190889 003 CaOOAMICUS 005 20150811000000.0 008 150811s1927 it u000 u ita u 013 $a169363 040 $aSeMil$bita 100 1 $aSevesi, Paolo Maria,$c.$0(OLS)http://semarc/name/10050 245 10$aSanta Maria di Sabbioncello (Como) /$cP. Paolo Maria Sevesi dei frati minori. 260 $aComo :$bA. Volta di Caccia e Corti,$c1927. 300 $a101 p. :$bill. ;$c25 cm. 500 $aContiene : Appendice documentaria. 650 4$aMerate - Sabbioncello - Santa Maria.$0(OLS)http://semarc/subject/35969 850 $aSeMil 852 $aSeMil$W1$xVenegono$y1$m3GC V 254$j141503$B141503$CSeMilBibl$Z2$F153060 $8B 961 $aLascito: Colombo Card. Giovanni 996 $6245$aSanta Maria di Sabbioncello (Como)$9(OLS)http://semarc/title/275049 996 $6260$aComo :$bA. Volta di Caccia e Corti$9(OLS)http://semarc/publisher/50235 LEADER 01570nam a2200277 i 4500 001 000000067219 003 CaOOAMICUS 005 20140227000000.0 008 140227s1977 it u000 u ita u 013 $a38391 040 $aSeMil$bita 100 1 $aMarchesi, Giovanni .$0(OLS)http://semarc/name/89284 245 13$aLa Cristologia di Hans Urs von Balthasar :$bla figura di Gesù Cristo espressione visibile di Dio /$cGiovanni Marchesi S. I. ; Prefazione di Hans Urs von Balthasar. 260 $aRoma :$bUniversità Gregoriana,$c1977. 300 $aXVII, 418 p. ;$c24 cm. 490 0 $aAnalecta Gregoriana ;$vVol.207. Series Facultatis Theologiae. Sectio B, n. 66 490 0 $aAnalecta Gregoriana. Series Facultatis Theologiae. Sectio B ;$v66 500 $aContiene : Bibliografia. 650 4$aBalthasar, Hans Urs : von <1905-1988> - Cristologia.$0(OLS)http://semarc/subject/13149 700 1 $aBalthasar, Hans Urs : von,$c.$0(OLS)http://semarc/name/881 830 0$aAnalecta Gregoriana ;$vVol.207. Series Facultatis Theologiae. Sectio B, n. 66.$0(OLS)http://semarc/title/9 830 0$aAnalecta Gregoriana. Series Facultatis Theologiae. Sectio B ;$v66.$0(OLS)http://semarc/title/14379 850 $aSeMil 852 $aSeMil$W1$xVenegono$y1$m2N V 307$j33372$B33372$CSeMilBibl$Z2$F33375 $81 996 $6245$aLa Cristologia di Hans Urs von Balthasar :$bla figura di Gesù Cristo espressione visibile di Dio$9(OLS)http://semarc/title/107104 996 $6260$aRoma :$bUniversità Gregoriana$9(OLS)http://semarc/publisher/31479